[Event "Canadian op"]
[Site "Edmonton"]
[Date "2009.07.16"]
[Round "6.67"]
[White "De Jong, Walter"]
[Black "Amundson, Kristofor"]
[Result "1-0"]
[WhiteElo "1812"]
[BlackElo "1601"]
[PlyCount "69"]
[EventDate "2009.07.11"]
[EventType "swiss"]
[EventRounds "9"]
[EventCountry "CAN"]
[SourceTitle "EXT 2022"]
[Source "ChessBase"]
[SourceDate "2021.10.06"]
[SourceVersion "1"]
[SourceVersionDate "2021.10.06"]
[SourceQuality "1"]

1. c4 e5 2. g3 Nf6 3. Bg2 d5 4. cxd5 Nxd5 5. Nc3 c6 6. Qb3 Nb6 7. Nf3 Be6 8. Qc2 N8d7 9. 0-0 Bc5 10. Rd1 Qe7 11. d4 exd4 12. Nxd4 Bxd4 13. Rxd4 Nc4 14. b3 Nce5 15. Bb2 h5 16. h3 h4 17. g4 Nxg4 18. hxg4 h3 19. Bf1 h2+ 20. Kh1 Qh4 21. f3 Qf2 22. Bg2 Qxd4 23. Ne4 Qb4 24. Bxg7 0-0-0 25. Bxh8 Rxh8 26. Rd1 Nb6 27. Qb2 Qf8 28. Nd6+ Kb8 29. e4 Nd7 30. Qd2 Ne5 31. Qb4 Qe7 32. Qd4 Qf6 33. Nf5 b6 34. g5 Ng4 35. gxf6 1-0

[Event "Edmonton April Sect op"]
[Site "Edmonton"]
[Date "2005.04.03"]
[Round "5"]
[White "Amundson, Kristofor"]
[Black "Ramachandran, Adithya"]
[Result "0-1"]
[WhiteElo "1637"]
[BlackElo "1636"]
[PlyCount "76"]
[EventDate "2005.04.02"]
[EventType "swiss"]
[EventRounds "5"]
[EventCountry "CAN"]
[SourceTitle "EXT 2007"]
[Source "ChessBase"]
[SourceDate "2006.11.23"]
[SourceVersion "1"]
[SourceVersionDate "2006.11.23"]
[SourceQuality "1"]

1. d4 d5 2. Nf3 e6 3. e3 c5 4. c3 Nf6 5. Bd3 Be7 6. Nbd2 0-0 7. 0-0 Re8 8. e4 dxe4 9. Nxe4 Nbd7 10. Qe2 Nxe4 11. Qxe4 Nf6 12. Qh4 g6 13. Bg5 cxd4 14. cxd4 Nh5 15. Rfe1 f6 16. Bh6 Bf8 17. Bxf8 Rxf8 18. Bc4 Re8 19. Rad1 Kh8 20. Qe4 Ng7 21. b3 Qb6 22. Qf4 Nh5 23. Qe4 Bd7 24. Qg4 Qd6 25. Nh4 Kg7 26. Qe4 Bc6 27. Qg4 Qf4 28. Bxe6 Rxe6 29. Qxe6 Qxh4 30. d5 Re8 31. Qd6 Rxe1+ 32. Rxe1 Bb5 33. Qc7+ Kh6 34. Qxb7 a6 35. a4 Qb4 36. Rb1 Qe4 37. Rd1 Nf4 38. f3 Qe2 0-1

[Event "Edmonton April Sect op"]
[Site "Edmonton"]
[Date "2005.04.03"]
[Round "4"]
[White "Beebe, Greg"]
[Black "Amundson, Kristofor"]
[Result "1-0"]
[WhiteElo "1677"]
[BlackElo "1637"]
[PlyCount "103"]
[EventDate "2005.04.02"]
[EventType "swiss"]
[EventRounds "5"]
[EventCountry "CAN"]
[SourceTitle "EXT 2007"]
[Source "ChessBase"]
[SourceDate "2006.11.23"]
[SourceVersion "1"]
[SourceVersionDate "2006.11.23"]
[SourceQuality "1"]

1. c4 e5 2. g3 Nc6 3. Bg2 Bc5 4. e3 Nf6 5. Nc3 0-0 6. Nge2 d6 7. 0-0 Bg4 8. a3 a5 9. Kh1 Qd7 10. f3 Bh3 11. d4 Bxg2+ 12. Kxg2 exd4 13. exd4 Bb6 14. Be3 Rfe8 15. Bf2 Qf5 16. Nb5 Re7 17. Qd2 Rae8 18. Rae1 h5 19. h4 Nh7 20. Nec3 g5 21. Nd5 Rxe1 22. Rxe1 Rxe1 23. Qxe1 gxh4 24. gxh4 Qg6+ 25. Kf1 Qd3+ 26. Qe2 Qb1+ 27. Kg2 Qg6+ 28. Kh2 Qg7 29. Nxb6 cxb6 30. Nxd6 f6 31. Qe6+ Kh8 32. Nf7+ Kg8 33. Nd8+ Kf8 34. Nxc6 bxc6 35. Qxc6 Qe7 36. Qe4 Qf7 37. d5 f5 38. Qe6 Qxe6 39. dxe6 Ke7 40. a4 Kxe6 41. Bxb6 Kd6 42. Bxa5 Kc5 43. b3 Nf8 44. Kg3 Ne6 45. Bc3 f4+ 46. Kf2 Nd8 47. Ke2 Nf7 48. Kd3 Nd6 49. Bd2 Nf5 50. Be1 Kd6 51. Ke4 Ne3 52. Bb4+ 1-0

[Event "Edmonton April Sect op"]
[Site "Edmonton"]
[Date "2005.04.02"]
[Round "2"]
[White "Amundson, Kristofor"]
[Black "Frewin, Steve"]
[Result "1-0"]
[WhiteElo "1637"]
[BlackElo "1622"]
[PlyCount "53"]
[EventDate "2005.04.02"]
[EventType "swiss"]
[EventRounds "5"]
[EventCountry "CAN"]
[SourceTitle "EXT 2007"]
[Source "ChessBase"]
[SourceDate "2006.11.23"]
[SourceVersion "1"]
[SourceVersionDate "2006.11.23"]
[SourceQuality "1"]

1. d4 Nf6 2. Nf3 e6 3. Bg5 c5 4. e3 cxd4 5. exd4 Be7 6. Bd3 0-0 7. 0-0 d5 8. Re1 Nbd7 9. c3 Ne8 10. Bxe7 Qxe7 11. Bc2 g6 12. Qd3 Ng7 13. Nbd2 f5 14. Bb3 Nf6 15. Ne5 Qd8 16. Qh3 Ne4 17. Ndf3 Ng5 18. Qh6 Nxf3+ 19. Nxf3 Qc7 20. Ng5 Nh5 21. Nxe6 Bxe6 22. Rxe6 Rad8 23. Rae1 Rd7 24. Re8 Ng7 25. Bxd5+ Rxd5 26. R1e7 Rd7 27. Qxg7# 1-0